• 首页
  • 本馆介绍
  • 公告通知
  • 最新文献
  • 馆藏检索
  • 电子资源
  • 读者导购
  • 参考咨询
  • 我的图书馆
  • 登录
  • 详细信息显示
  • 放入我的书架
  • 预约/预借图书
  • 作者相关作品
  • 分类相关作品
  • 丛书相关作品
  • 出版社相关作品

书目信息

  • 表格格式
  • 工作单格式
  • 卡片格式
题名:
数学生态学稳定性理论与方法
    
 
作者: 王顺庆 , 王万雄 , 徐海根 著
分册:  
出版信息: 北京   科学出版社  2004
页数: 456页
开本: 26cm
丛书名: 华夏英才基金学术文库
单 册:
中图分类: Q141
科图分类:
主题词: 数学生态学 , 生物学:生态学
电子资源:
ISBN: 7-03-013910-0
000 01037oam2 2200289 45
001 060000016923
005 20050907141214.51
010    @a7-03-013910-0@dCNY59.00
100    @a20041224d2004 ekmy0chiy0120 ea
101 0  @achi
102    @aCN@b110000
105    @aa az 000yy
200 1  @a数学生态学稳定性理论与方法@Ashu xue sheng tai xue wen ding xing li lun yu fang fa@f王顺庆,王万雄,徐海根著@Fwang shun qing,wang wan xiong,xu hai gen zhu
210    @a北京@c科学出版社@d2004
215    @a456页@c图@d26cm
225 2  @a华夏英才基金学术文库
320    @a有书目
330    @a本书研究对象以生物群落为主,兼顾生物种群、集合种群和生态系统,使用的数学工具,除常微分方程外,有矩阵论、图论、对策论、控制论、随机过程、随机微分方程等。
461  0 @12001 @a华夏英才基金学术文库
606 0  @a数学生态学
606 0  @a生物学:生态学
690    @aQ141@v4
701  0 @a王顺庆@Awang shun qing@4著
701  0 @a王万雄@Awang wan xiong@4著
701  0 @a徐海根@Axu hai gen@4著
801  0 @aCN@bTSSF@c20050907
905    @a10447@dQ141@e83
    
    数学生态学稳定性理论与方法/王顺庆,王万雄,徐海根著.-北京:科学出版社,2004
    456页:图;26cm.-(华夏英才基金学术文库)
    
    
    ISBN 7-03-013910-0:CNY59.00
    本书研究对象以生物群落为主,兼顾生物种群、集合种群和生态系统,使用的数学工具,除常微分方程外,有矩阵论、图论、对策论、控制论、随机过程、随机微分方程等。
●
相关链接 在E读中查询图书 在五车中查询图书 在当当中查询图书 在豆瓣中查询图书


正题名:数学生态学稳定性理论与方法     索取号:Q141/83         预约/预借

序号 登录号 条形码 馆藏地/架位号 状态 备注
1 0359942   3599421   第二样本阅览室/ [索取号:Q141/83] 在馆    
2 0359943   3599430   第三借阅区/ [索取号:Q141/83] 在馆    
3 0359944   3599449   第三借阅区/ [索取号:Q141/83] 在馆    
4 0359945   3599458   第三借阅区/ [索取号:Q141/83] 在馆    
5 0359946   3599467   第三借阅区/ [索取号:Q141/83] 在馆    
唐山师范学院图书馆 欢迎您!
大连网信软件有限公司© 版权所有